000 00504nam a2200193 a 4500
001 1769942616319
003 YourLibrary
005 20260201163956.0
008 260201s1998##################000#0#eng##
020 _a9780335196586
082 0 4 _a305.31
_bMAC
100 1 _aMacInnes, John,
_eauthor.
245 1 0 _aEnd Of Masculinity :
260 _bMcGraw-Hill Education (UK),
_c1998.
300 _a178 pages
650 0 _aSocial Science.
942 _cENGLISH
040 _aYourLibrary
_beng
_cYourLibrary
999 _c609874
_d609874